Externá kontrola podniku diplomová práca

Salvato in:
Dettagli Bibliografici
Autore principale: Červenková, Jaroslava
Ente Autore: Fakulta podnikového manažmentu EU. Katedra manažmentu
Altri autori: Kráčmar, Ján
Natura: Libro
Lingua:slovacco
Pubblicazione: Bratislava 2010
Tags: Aggiungi Tag
Nessun Tag, puoi essere il primo ad aggiungerne!!

MARC

LEADER 00000nam a2200000 4500
001 0119709
005 20240318122056.0
041 0 |a slo 
044 |a SK 
245 1 0 |a Externá kontrola podniku  |b diplomová práca  |c Jaroslava Červenková ; škol. Ján Kráčmar 
264 1 |a Bratislava  |c 2010 
300 |a 72 s. 
100 1 |a Červenková, Jaroslava 
700 1 |a Kráčmar, Ján 
710 2 |a Fakulta podnikového manažmentu EU. Katedra manažmentu